000
00196nam a2200109Ia 4500
100
_a
#N/A
942
_c
BK
654
_a
playware
245
_a
Playware
260
_b
#N/A
_c
2004
546
_a
ENGLISH
999
_c
23824
_d
23824